000 00499nam a2200205Ia 4500
003 OSt
005 20250806144911.0
008 250729s2005 xx 000 0 und d
020 _a978-8176489546
040 _cAL
041 _aeng
082 _a370.71 SINT
100 _aSingh U K
_9221003
245 _aTeacher education
260 _aNew Delhi
_bDiscovery Publishing House
_c2005
300 _a295p
650 _aEducation
_9221004
700 _aSudarshan K N
_9221005
942 _2ddc
_cBED
999 _c234816
_d234816